[Event "Kragero Resort International 2022"]
[Site "Kragero"]
[Date "2022.02.23"]
[Round "1.5"]
[White "Lye, Sigurd"]
[Black "Den Roover, Nikolay"]
[Result "1-0"]
[WhiteElo "1810"]
[BlackElo "1471"]
[Annotator "NA RC"]
[PlyCount "49"]
[EventDate "2022.02.23"]
[EventType "swiss"]
[EventCountry "NOR"]
[SourceTitle "playchess.com"]
[Source "ChessBase"]
[SourceQuality "1"]
[TimeControl "5400+30"]

1. e4 {[%emt 0:00:02]} c6 {[%emt 0:00:14]} 2. Nc3 {[%emt 0:00:05]} d5 {[%emt 0:00:26]} 3. Nf3 {[%emt 0:00:05]} dxe4 {[%emt 0:00:22]} 4. Nxe4 {[%emt 0:00:09]} Nf6 {[%emt 0:00:11]} 5. Qe2 {[%emt 0:00:11]} Nxe4 {[%emt 0:00:12]} 6. Qxe4 {[%emt 0:00:05]} Qd5 {[%emt 0:00:22]} 7. Qf4 {[%emt 0:00:07]} Qd6 {[%emt 0:02:06]} 8. Qxd6 {[%emt 0:04:48]} exd6 {[%emt 0:00:16]} 9. b3 {[%emt 0:00:18]} Be7 {[%emt 0:01:44]} 10. Bb2 {[%emt 0:00:12]} O-O {[%emt 0:00:34]} 11. O-O-O {[%emt 0:01:42]} Be6 {[%emt 0:09:47]} 12. Re1 {[%emt 0:01:44]} Re8 {[%emt 0:10:49]} 13. Nd4 {[%emt 0:07:09]} Bf6 {[%emt 0:01:57]} 14. g3 {[%emt 0:15:46]} Nd7 {[%emt 0:13:37]} 15. Nxe6 {[%emt 0:01:08]} Bxb2+ {[%emt 0:04:53]} 16. Kxb2 {[%emt 0:00:08]} fxe6 {[%emt 0:03:42]} 17. Bh3 {[%emt 0:00:39]} Nf6 {[%emt 0:06:16]} 18. Bxe6+ {[%emt 0:02:49]} Kf8 {[%emt 0:00:38]} 19. f4 {[%emt 0:08:53]} Re7 {[%emt 0:04:04]} 20. f5 {[%emt 0:01:14]} Rae8 {[%emt 0:02:16]} 21. h3 {[%emt 0:02:28]} Nh5 {[%emt 0:18:49]} 22. Rhg1 {[%emt 0:03:43]} g6 {[%emt 0:16:01]} 23. Ref1 {[%emt 0:01:22]} Kg7 {[%emt 0:01:53]} 24. g4 {[%emt 0:00:16]} Nf6 {[%emt 0:00:51]} 25. g5 {[%emt 0:00:16]} 1-0

[Event "Kragero Resort International 2022"]
[Site "Kragero"]
[Date "2022.02.23"]
[Round "1.6"]
[White "Romanov, Evgeny"]
[Black "Ptacnikova, Lenka"]
[Result "1/2-1/2"]
[WhiteElo "2561"]
[BlackElo "2173"]
[Annotator "TA"]
[PlyCount "111"]
[EventDate "2022.02.23"]
[EventType "swiss"]
[EventCountry "NOR"]
[SourceTitle "playchess.com"]
[Source "ChessBase"]
[SourceQuality "1"]

{[%evp 11,111,0,8,27,9,0,0,-18,-7,-4,6,0,0,-10,-9,-3,13,16,46,22,43,34,82,16,119,106,123,121,150,122,114,101,214,118,139,113,129,125,129,128,121,115,102,114,117,87,93,85,87,100,108,105,95,94,95,95,131,138,142,128,145,137,142,142,145,142,149,143,181,118,132,8,8,8,8,8,8,8,8,8,8,8,61,0,0,0,0,0,0,0,0,0,0,0,53,53,60,60,60,61,68,60]} 1. Nf3 c5 2. e4 e6 3. b3 Nf6 4. e5 Nd5 5. Bb2 Nc6 6. Bb5 Qc7 7. O-O {B40: Sicilian: 2...e6, Unusual lines.} b6 8. Nc3 (8. Re1 {is more complex.} Bb7 9. Bf1 a6 10. d3 Nde7 11. c3) 8... Nxc3 9. Bxc3 {The position is equal.} Bb7 10. Re1 a6 11. Bd3 Be7 {[#]} 12. h4 $146 {Prevents g5.} ({Predecessor:} 12. a3 g5 13. Kh1 g4 14. Ng1 h5 15. Be4 O-O-O 16. b4 cxb4 17. axb4 Bxb4 18. Bxb4 Nxb4 {1-0 (30) Budde,A-Blake,R CServe email 1996}) 12... Nb4 13. Be4 Nd5 14. Bb2 f5 15. exf6 $1 Bxf6 16. d4 cxd4 {[#]} (16... O-O $1 $14 {is superior.}) 17. Nxd4 (17. Ng5 $1 $16) 17... O-O-O (17... O-O $1 $11 {remains equal.}) 18. c4 $16 Ne7 19. Rc1 {[%cal Od4b5]} Kb8 20. Ba3 {[%cal Od4b5]} Bxe4 21. Rxe4 Nc8 (21... Qb7 $16 {keeps fighting.} 22. Qd3 Ka8) 22. Qd2 ({White should try} 22. Qd3 $18) 22... Qb7 23. Re2 e5 24. Nf5 {[%cal Bd4f5,Bf5e3,Be3g4,Bg4e5,Be5d3,Bd3c5][%mdl 32]} d5 25. cxd5 Rxd5 26. Qe1 {White is much more active. Black has bad knights.} e4 27. Ne3 Rd3 28. Ng4 Bxh4 29. Ne5 Bg5 30. Rc4 (30. Nxd3 $6 exd3 31. Re3 Bxe3 32. Qxe3 Rd8 $11) 30... Nd6 31. Nxd3 Nxc4 {[#]} 32. Nc5 $36 {[%mdl 2048] White has strong initiative.} bxc5 33. bxc4 Qc6 {[%cal Oe4e3]} 34. Rxe4 {Re6 is the strong threat.} Rd8 {[#]} 35. Re6 $1 Rd1 36. Qxd1 (36. Rxc6 $6 Rxe1+ 37. Kh2 Kb7 38. Rxc5 Bf6 $11) 36... Qxe6 37. Bxc5 Bf4 {To avoid Bd6+} 38. g3 Bc7 39. Qd4 h5 40. Bb4 (40. Qxg7 $18 {And now Qf8+ would win.} Qxc4 41. Qb2+ Qb5 42. Qc2 (42. Qh8+ Kb7 $16)) 40... Qg6 {Hoping for ...Qb1+.} 41. Qb2 {To avoid Qb1+} (41. Bd2 $16) 41... Kc8 $1 $11 42. Be7 {next c5 is good for White.} Bxg3 43. fxg3 Qxg3+ 44. Kf1 {aiming for Qd4.} Qf4+ (44... Qf3+ 45. Qf2 Qh1+ 46. Ke2 (46. Qg1 Qf3+ 47. Qf2 Qh1+ 48. Ke2 Qe4+ 49. Qe3 Qxc4+ 50. Ke1 Qxa2 $16) 46... Qe4+ 47. Qe3 Qxc4+ 48. Kf3 $16) 45. Ke1 {Black must now prevent Qe2.} Qxc4 (45... Qe3+ $2 46. Qe2 Qd4 47. Qe6+ (47. Qxh5 Qc3+ 48. Kf2 Qd4+ 49. Ke1 Qc3+ 50. Kf2 Qd4+ 51. Kg2 Qe4+ 52. Qf3 Qxe7 $14) 47... Kc7 48. Ke2 $18) 46. Qxg7 Qxa2 (46... Qe4+ $11 47. Kf2 Qf4+ 48. Ke2 Qc4+ 49. Kf3 (49. Kf2 Qf4+ 50. Kg1 Qg4+ 51. Qxg4+ hxg4 $18) 49... Qf1+ 50. Ke4 Qb1+ 51. Kf4 Qxa2) 47. Bg5 (47. Qf8+ $14 Kb7 48. Qf3+ Kc7 49. Qf4+ Kc8 50. Qf5+ Kc7 51. Qf4+ Kc8 52. Qe5) 47... Qe6+ 48. Kf2 Qf5+ 49. Ke3 Qe6+ 50. Kf4 Qd6+ ({But not} 50... Qd7 51. Qg8+ Kb7 52. Qb3+ (52. Ke3 Qh3+ 53. Kf2 Qh2+ 54. Kf3 Qh1+ 55. Kf4 Qc1+ 56. Kg3 Qg1+ 57. Kh3 Qh1+ 58. Kg3 Qg1+ 59. Kh3 Qh1+ 60. Kg3 Qg1+ $11) 52... Kc6 53. Qc3+ Kb7 54. Qb2+ Kc6 55. Qc2+ Kd6 56. Qd1+ Kc6 57. Qc1+ (57. Qxh5 Qd4+ 58. Kg3 Qg1+ 59. Kh4 Qh2+ 60. Kg4 Qxh5+ 61. Kxh5 Kd7 $11) 57... Kd5 58. Qd2+ (58. Qd1+ Kc6 $14) 58... Ke6 59. Qa2+ Qd5 60. Qe2+ (60. Qxa6+ Qd6+ 61. Qxd6+ Kxd6 $11) 60... Kd7 61. Qe7+ (61. Qxh5 Qd4+ 62. Kg3 Qg1+ 63. Kh4 Qh2+ 64. Kg4 Qxh5+ 65. Kxh5 Ke8 $11) (61. Qxa6 Qd6+ 62. Qxd6+ Kxd6 $11) 61... Kc6 62. Qe8+ Kd6 63. Qf8+ (63. Qxh5 Qd4+ 64. Kg3 Qg1+ 65. Kh4 Qh2+ 66. Kg4 Qxh5+ 67. Kxh5 Ke6 $11) 63... Kc6 64. Qe8+ Kd6 65. Qf8+ (65. Qxh5 Qd4+ 66. Kg3 Qg1+ 67. Kh4 Qh2+ 68. Kg4 Qxh5+ 69. Kxh5 Ke6 $11) 65... Kc6 66. Qe8+ $14) 51. Kf3 Qd5+ 52. Kg3 Qd1 (52... Qd6+ $11 53. Kg2 (53. Bf4 h4+ 54. Kg4 Qd7+ 55. Qxd7+ Kxd7 $11) 53... Qd5+ 54. Kg3 Qd6+ 55. Bf4 h4+ 56. Kg4 (56. Kf3 Qd5+ 57. Ke3 Qb3+ 58. Ke2 Qc4+ 59. Kf3 Qd5+ 60. Kf2 Qa2+ 61. Kg1 Qb1+ 62. Kh2 Qc2+ 63. Qg2 Qxg2+ 64. Kxg2 Kd8 $11) 56... Qd7+ 57. Qxd7+ Kxd7) 53. Qf8+ $14 {White is slightly better.} Kb7 54. Qb4+ Kc6 55. Qc4+ Kd7 56. Qf7+ {White really could win this.  Weighted Error Value: White=0.15 (very precise) /Black=0.14 (very precise)} 1/2-1/2

[Event "Kragero Resort International 2022"]
[Site "Kragero"]
[Date "2022.02.23"]
[Round "1.6"]
[White "Shadrina, Eva"]
[Black "Haug, Havard"]
[Result "0-1"]
[WhiteElo "1466"]
[BlackElo "1801"]
[Annotator "NA RC"]
[PlyCount "50"]
[EventDate "2022.02.23"]
[EventType "swiss"]
[EventCountry "NOR"]
[SourceTitle "playchess.com"]
[Source "ChessBase"]
[SourceQuality "1"]
[TimeControl "5400+30"]

1. e4 {[%emt 0:00:05]} c5 {[%emt 0:00:07]} 2. Nf3 {[%emt 0:00:17]} d6 {[%emt 0:00:09]} 3. d4 {[%emt 0:00:24]} cxd4 {[%emt 0:00:20]} 4. Nxd4 {[%emt 0:00:08]} Nf6 {[%emt 0:00:09]} 5. Nc3 {[%emt 0:02:18]} g6 {[%emt 0:00:07]} 6. f3 {[%emt 0:05:06]} Bg7 {[%emt 0:00:19]} 7. Be3 {[%emt 0:00:45]} O-O {[%emt 0:00:17]} 8. Qd2 {[%emt 0:00:29]} Nc6 {[%emt 0:00:15]} 9. O-O-O {[%emt 0:01:15]} d5 {[%emt 0:01:14]} 10. Nxc6 {[%emt 0:07:00]} bxc6 {[%emt 0:01:20]} 11. exd5 {[%emt 0:03:51]} cxd5 {[%emt 0:00:52]} 12. Nxd5 {[%emt 0:03:22]} Nxd5 {[%emt 0:00:10]} 13. Qxd5 {[%emt 0:00:54]} Qc7 {[%emt 0:00:32]} 14. Qc4 {[%emt 0:10:26]} Qe5 {[%emt 0:05:34]} 15. Bd4 {[%emt 0:04:14]} Qf4+ {[%emt 0:01:47]} 16. Kb1 {[%emt 0:00:43]} Be6 {[%emt 0:01:11]} 17. Qa4 {[%emt 0:15:53]} Rfd8 {[%emt 0:04:39]} 18. c3 {[%emt 0:01:38]} Bf5+ {[%emt 0:01:23]} 19. Ka1 {[%emt 0:02:15]} e5 {[%emt 0:01:28]} 20. g3 {[%emt 0:08:09]} Qxf3 {[%emt 0:02:40]} 21. Rg1 {[%emt 0:08:04]} exd4 {[%emt 0:01:46]} 22. Bg2 {[%emt 0:00:40]} dxc3 {[%emt 0:00:21]} 23. Rxd8+ {[%emt 0:13:29]} Rxd8 {[%emt 0:00:04]} 24. a3 {[%emt 0:00:32]} cxb2+ {[%emt 0:00:32]} 25. Ka2 {[%emt 0:00:09]} Qxg2 {[%emt 0:00:17]} 0-1

[Event "Kragero Resort International 2022"]
[Site "Kragero"]
[Date "2022.02.23"]
[Round "1.7"]
[White "Kanyamarala, Trisha"]
[Black "Urkedal, Frode Olav Olsen"]
[Result "1/2-1/2"]
[WhiteElo "2166"]
[BlackElo "2549"]
[Annotator "TA"]
[PlyCount "102"]
[EventDate "2022.02.23"]
[EventType "swiss"]
[EventCountry "NOR"]
[SourceTitle "playchess.com"]
[Source "ChessBase"]
[SourceQuality "1"]

{[%evp 18,102,29,25,32,17,41,26,21,18,27,23,11,0,-8,-18,-12,-10,-10,-11,0,-5,10,6,9,-7,0,0,0,0,3,4,5,13,35,31,20,0,39,0,15,0,55,8,8,0,1,0,0,0,0,0,0,0,0,0,0,0,0,0,0,0,0,0,0,0,0,0,0,0,0,0,0,0,0,0,0,0,0,0,0,0,0,0,0,0,0]} 1. d4 Nf6 2. c4 e6 3. Nc3 Bb4 4. e3 O-O 5. Bd2 Re8 6. Nf3 b6 7. Bd3 Bb7 8. O-O d6 9. a3 Bxc3 10. Bxc3 ({Of course not} 10. bxc3 e5 11. Nh4 g6 $15) 10... Ne4 {E43: Nimzo-Indian: Rubinstein: 4...b6.} 11. Be1 {[#]} Nd7 $146 ({Predecessor:} 11... f5 12. Nd2 Nd7 13. Nxe4 fxe4 14. Be2 Rf8 15. Bc3 Qg5 16. Qd2 Rf6 17. d5 Rg6 18. g3 {1-0 (31) Tarun,K (2398)-Borsuk,K (2436) Chess.com INT 2022}) 12. Nd2 Nxd2 {White has an edge.} 13. Bxd2 c5 14. Qc2 h6 15. dxc5 Nxc5 16. b4 Nxd3 17. Qxd3 Rc8 18. Rac1 Re7 19. e4 Rd7 20. Be3 d5 21. cxd5 Rxc1 22. Rxc1 exd5 23. Rd1 Qe7 24. Qd4 Qe6 25. b5 Kh7 26. h3 Qg6 27. Kh1 Qh5 28. a4 f6 29. Rd2 Qf7 (29... Qg6 $11) 30. Kg1 (30. Bf4 $14 {was preferrable.}) 30... Qg6 $11 {The position is equal.} 31. Kh1 h5 32. Rd1 Re7 33. exd5 Re5 34. Qc4 Qf5 35. Qd3 {[#] And now Qxf5+ would win.} Bxd5 36. Qxf5+ Rxf5 {[%mdl 4096] Endgame KRB-KRB} 37. Rc1 {aiming for Rc7.} Bb3 $1 38. Rc7 Bxa4 39. Rxa7 Bxb5 40. Bxb6 Bc6 41. Be3 Rd5 42. Rc7 Bd7 43. Kh2 Rd3 44. Rc4 Bf5 45. Rc7 h4 46. Ra7 Rd5 47. Rc7 Rd6 48. Bc5 Rd3 49. Be3 Bd7 50. Rc4 g5 $1 51. Rd4 Rxd4 {Not much happened in this game.  Weighted Error Value: White=0.07 (flawless) /Black=0.06 (flawless)} 1/2-1/2

[Event "Kragero Resort International 2022"]
[Site "Kragero"]
[Date "2022.02.23"]
[Round "1.7"]
[White "Jonsson, Kristjan Dagur"]
[Black "Johannessen, Simon T"]
[Result "1-0"]
[WhiteElo "1797"]
[BlackElo "1453"]
[Annotator "NA RC"]
[PlyCount "49"]
[EventDate "2022.02.23"]
[EventType "swiss"]
[EventCountry "NOR"]
[SourceTitle "playchess.com"]
[Source "ChessBase"]
[SourceQuality "1"]
[TimeControl "5400+30"]

1. d4 {[%emt 0:00:03]} Nf6 {[%emt 0:00:11]} 2. c4 {[%emt 0:00:11]} d5 {[%emt 0:00:11]} 3. Nc3 {[%emt 0:00:43]} Bf5 {[%emt 0:02:45]} 4. Nf3 {[%emt 0:01:23]} e6 {[%emt 0:01:04]} 5. Qb3 {[%emt 0:02:57]} b6 {[%emt 0:02:37]} 6. cxd5 {[%emt 0:06:54]} Nxd5 {[%emt 0:01:16]} 7. e4 {[%emt 0:05:04]} Nxc3 {[%emt 0:01:41]} 8. exf5 {[%emt 0:00:27]} Nd5 {[%emt 0:00:43]} 9. Bc4 {[%emt 0:02:03]} c6 {[%emt 0:04:42]} 10. fxe6 {[%emt 0:01:52]} fxe6 {[%emt 0:01:04]} 11. O-O {[%emt 0:03:32]} b5 {[%emt 0:03:13]} 12. Bd3 {[%emt 0:04:58]} Bd6 {[%emt 0:07:28]} 13. Bg5 {[%emt 0:03:32]} Be7 {[%emt 0:03:17]} 14. Bxe7 {[%emt 0:01:06]} Qxe7 {[%emt 0:01:21]} 15. Rfe1 {[%emt 0:03:57]} O-O {[%emt 0:05:46]} 16. Be4 {[%emt 0:04:38]} Qd8 {[%emt 0:09:39]} 17. Qc2 {[%emt 0:03:01]} Kh8 {[%emt 0:08:39]} 18. Ne5 {[%emt 0:06:46]} Ne7 {[%emt 0:11:51]} 19. Bxh7 {[%emt 0:04:02]} Nd7 {[%emt 0:07:01]} 20. Rad1 {[%emt 0:08:14]} Rc8 {[%emt 0:02:04]} 21. Re3 {[%emt 0:04:48]} c5 {[%emt 0:02:36]} 22. Rh3 {[%emt 0:00:52]} Nf6 {[%emt 0:02:18]} 23. Bg6+ {[%emt 0:01:21]} Kg8 {[%emt 0:00:24]} 24. Bf7+ {[%emt 0:00:45]} Rxf7 {[%emt 0:00:27]} 25. Rh8+ {[%emt 0:02:36]} 1-0

[Event "Kragero Resort International 2022"]
[Site "Kragero"]
[Date "2022.02.23"]
[Round "1.8"]
[White "Dardha, Daniel"]
[Black "Stanford, Sheila Barth"]
[Result "1-0"]
[WhiteElo "2541"]
[BlackElo "2153"]
[Annotator "TA"]
[PlyCount "59"]
[EventDate "2022.02.23"]
[EventType "swiss"]
[EventCountry "NOR"]
[SourceTitle "playchess.com"]
[Source "ChessBase"]
[SourceQuality "1"]

{[%evp 9,59,45,49,42,38,37,45,31,34,31,36,38,37,27,62,39,66,39,66,61,215,177,198,134,129,122,184,177,164,183,181,118,162,147,151,132,153,141,335,340,294,299,865,871,855,827,1116,1097,1189,1173,1124,1072]} 1. Nf3 Nf6 2. c4 e6 3. d4 {[%cal Bd2d4,Bd4d5][%mdl 32]} c5 4. d5 b5 5. Bg5 b4 6. e4 {E10: Blumenfeld Gambit.} d6 7. Bd3 Be7 8. Bf4 {White is slightly better.} e5 {[#]} 9. Be3 $146 ({Predecessor:} 9. Bc1 a5 10. a3 Nbd7 11. O-O O-O 12. Nbd2 Ne8 13. Re1 g6 14. Nf1 Ng7 15. Bh6 {½-½ (68) Volodin,A (2491)-Nyback,T (2634) Tallinn 2012}) 9... O-O 10. h3 a5 11. Nbd2 Ne8 12. g4 g6 13. Nf1 {White is more active.} Ng7 14. Ng3 f5 $2 {[#]} ({Better is} 14... Bd7 $14) 15. gxf5 gxf5 16. Nxf5 (16. exf5 $18 Kh8 17. Qc2) 16... Bxf5 $16 17. exf5 e4 (17... Qe8 $16) 18. Bxe4 $18 Bf6 19. Rg1 {[%cal Bh1g1,Bg1g5,Bg5g2,Bg2g6][%mdl 32] Hoping for Ng5.} Qe7 20. Qd3 (20. Bc2 $18) 20... Re8 (20... Nd7 $16) 21. Ng5 Bxg5 22. Rxg5 Nd7 (22... Qxe4 $2 23. Qxe4 Rxe4 24. f6) 23. f3 h6 $2 (23... Kh8 $16 {was called for.}) 24. Rg2 Qh4+ 25. Kd2 Nf6 {Prevents Rg4.} (25... Ne5) 26. Rag1 {White is clearly winning.} Ra7 27. Rg6 h5 28. Kc1 {[#] And now Bg5 would win.} Rf8 29. Bg5 Qf2 30. Rf1 {Weighted Error Value: White=0.13 (very precise) /Black=0.36} 1-0

[Event "Kragero Resort International 2022"]
[Site "Kragero"]
[Date "2022.02.23"]
[Round "1.8"]
[White "Lie, Bjorn"]
[Black "Thorisson, Benedikt"]
[Result "1/2-1/2"]
[WhiteElo "1451"]
[BlackElo "1790"]
[Annotator "NA RC"]
[PlyCount "76"]
[EventDate "2022.02.23"]
[EventType "swiss"]
[EventCountry "NOR"]
[SourceTitle "playchess.com"]
[Source "ChessBase"]
[SourceQuality "1"]
[TimeControl "5400+30"]

1. d4 {[%emt 0:00:03]} Nf6 {[%emt 0:00:06]} 2. c4 {[%emt 0:00:08]} g6 {[%emt 0:00:07]} 3. Nc3 {[%emt 0:00:06]} d5 {[%emt 0:00:13]} 4. cxd5 {[%emt 0:00:07]} Nxd5 {[%emt 0:00:07]} 5. e4 {[%emt 0:00:08]} Nxc3 {[%emt 0:00:41]} 6. bxc3 {[%emt 0:00:12]} Bg7 {[%emt 0:00:16]} 7. Bc4 {[%emt 0:00:17]} c5 {[%emt 0:00:44]} 8. Ne2 {[%emt 0:00:07]} O-O {[%emt 0:00:31]} 9. O-O {[%emt 0:00:50]} Nc6 {[%emt 0:01:13]} 10. Be3 {[%emt 0:00:14]} Bg4 {[%emt 0:03:15]} 11. f3 {[%emt 0:00:10]} Bd7 {[%emt 0:00:06]} 12. Qd2 {[%emt 0:07:31]} Qc7 {[%emt 0:01:46]} 13. Rac1 {[%emt 0:02:40]} Rfd8 {[%emt 0:04:41]} 14. Rfd1 {[%emt 0:03:28]} Rac8 {[%emt 0:03:17]} 15. a4 {[%emt 0:14:28]} Na5 {[%emt 0:01:06]} 16. Ba2 {[%emt 0:01:08]} Bxa4 {[%emt 0:00:27]} 17. Re1 {[%emt 0:01:20]} Bb3 {[%emt 0:03:56]} 18. Qb2 {[%emt 0:02:13]} c4 {[%emt 0:02:52]} 19. Ra1 {[%emt 0:09:40]} b5 {[%emt 0:02:58]} 20. Nc1 {[%emt 0:04:21]} Bxa2 {[%emt 0:00:31]} 21. Qxa2 {[%emt 0:00:21]} Nc6 {[%emt 0:00:19]} 22. Ne2 {[%emt 0:01:57]} Ra8 {[%emt 0:02:03]} 23. Qa6 {[%emt 0:00:34]} Rdb8 {[%emt 0:03:09]} 24. d5 {[%emt 0:02:11]} Ne5 {[%emt 0:00:10]} 25. Reb1 {[%emt 0:02:14]} Nd3 {[%emt 0:16:16]} 26. Rxb5 {[%emt 0:02:15]} Rxb5 {[%emt 0:00:22]} 27. Qxb5 {[%emt 0:00:26]} Rb8 {[%emt 0:00:07]} 28. Qa6 {[%emt 0:04:44]} Be5 {[%emt 0:02:11]} 29. g3 {[%emt 0:02:22]} Rb2 {[%emt 0:10:33]} 30. Kf1 {[%emt 0:11:51]} Qd7 {[%emt 0:08:28]} 31. Ng1 {[%emt 0:03:18]} Bxc3 {[%emt 0:01:51]} 32. Qxc4 {[%emt 0:00:24]} Qb5 {[%emt 0:01:50]} 33. Qxb5 {[%emt 0:01:17]} Rxb5 {[%emt 0:00:37]} 34. Rxa7 {[%emt 0:01:59]} Rb1+ {[%emt 0:01:58]} 35. Kg2 {[%emt 0:01:36]} Rb2+ {[%emt 0:03:40]} 36. Kf1 {[%emt 0:01:11]} Rb1+ {[%emt 0:03:35]} 37. Kg2 {[%emt 0:00:17]} Rb2+ {[%emt 0:00:15]} 38. Kf1 {[%emt 0:00:08]} Rb1+ {[%emt 0:03:52]} 1/2-1/2

[Event "Kragero Resort International 2022"]
[Site "Kragero"]
[Date "2022.02.23"]
[Round "1.9"]
[White "Thanke, Bror"]
[Black "Gumularz, Szymon"]
[Result "0-1"]
[WhiteElo "2143"]
[BlackElo "2539"]
[Annotator "TA"]
[PlyCount "96"]
[EventDate "2022.02.23"]
[EventType "swiss"]
[EventCountry "NOR"]
[SourceTitle "playchess.com"]
[Source "ChessBase"]
[SourceQuality "1"]

{[%evp 11,96,10,23,0,7,-12,-19,-30,-25,-13,-21,-16,-11,-8,10,-114,-111,-104,-114,-118,-116,-120,-116,-118,-105,-105,-99,-99,-79,-88,-84,-92,-85,-97,-94,-94,-80,-99,-100,-105,-98,-107,-100,-127,-120,-133,-130,-128,-124,-136,-117,-172,-117,-122,-114,-120,-120,-120,-120,-186,-189,-220,-206,-214,-188,-207,-180,-174,-167,-188,-192,-179,-202,-421,-389,-502,-470,-636,-625,-693,-693,-1035,-733,-1396,-1404,-1620,-1596]} 1. d4 Nf6 2. c4 e6 3. Nf3 d5 4. e3 a6 5. Nc3 c5 6. cxd5 exd5 7. h3 {7.g3 is becoming the main line. D40: Queen's Gambit Declined: Semi-Tarrasch with 5 e3.} Nc6 8. Bd3 c4 9. Bb1 {The position is equal.} Bb4 10. O-O O-O 11. Ne5 Qc7 {[#]} 12. f4 $146 ({Predecessor:} 12. Qc2 Ne7 13. Ng4 Bxg4 14. hxg4 h6 15. g5 hxg5 16. e4 Bxc3 17. e5 Bxd4 18. exf6 Ng6 19. a4 gxf6 20. Qd2 Qc5 21. Ra3 Rfe8 22. Rf3 Be5 {0-1 (22) Kanakaris,G (2294)-David,A (2622) Kavala 2010}) 12... Ne7 13. Qf3 (13. g4 $11 {remains equal.}) 13... Bxc3 $17 14. bxc3 Bf5 15. Bd2 Be4 16. Bxe4 Nxe4 ({Stronger than} 16... dxe4 17. Qe2 $15) 17. Rfd1 f6 18. Ng4 Qa5 19. Be1 Nf5 (19... Nxc3 $2 20. Rdc1 $18) 20. a4 Rae8 21. Rdb1 Rf7 22. Nh2 Rfe7 {Black is much more active. White has bad knights.} (22... Nxc3 23. Nf1 $16 (23. e4 $2 Nxd4 24. Qf2 Nce2+ 25. Kh1 c3 $19)) 23. Nf1 Nfd6 24. Rb4 Qc7 25. Ra3 Qd7 26. Ra2 Kh8 27. g4 Qc6 28. Rbb2 Kg8 29. Qd1 Rb8 30. Qa1 Qe8 $36 {[%mdl 2048] White is under strong pressure.} 31. Rb6 {[#]} (31. a5 $17 {was necessary.}) 31... Nc8 ({Black should try} 31... Nb5 $1 $19 {[%mdl 512]} 32. axb5 (32. Qb2 Qd8) 32... Qd8 33. Raxa6 bxa6 34. Rxb8 Qxb8 35. Qxa6 Qb7) 32. Rb1 Na7 33. Rg2 Nc6 34. a5 Na7 35. Rb6 (35. Rc1 $17) 35... Nb5 $19 36. f5 Rd8 37. h4 Kh8 38. Qb2 Qf7 39. Ng3 Ned6 {Pair of Knights!} 40. Bf2 Nc8 41. Rxb5 axb5 42. g5 $2 {[#]} (42. Qxb5 {might work better.} Nd6 43. Qc5) 42... Nd6 {And now ...fxg5 would win.} 43. Qe2 fxg5 {Black is clearly winning.} 44. Qg4 Rf8 {[%cal Rd6f5]} 45. hxg5 Nxf5 46. Rh2 Qg6 47. Qf4 Ref7 48. Nh5 Nd6 {Weighted Error Value: White=0.50/Black=0.13 (very precise)} 0-1

[Event "Kragero Resort International 2022"]
[Site "Kragero"]
[Date "2022.02.23"]
[Round "1.10"]
[White "Rozum, Ivan"]
[Black "Melaa, Sondre"]
[Result "1-0"]
[WhiteElo "2537"]
[BlackElo "2138"]
[Annotator "TA"]
[PlyCount "81"]
[EventDate "2022.02.23"]
[EventType "swiss"]
[EventCountry "NOR"]
[SourceTitle "playchess.com"]
[Source "ChessBase"]
[SourceQuality "1"]

{[%evp 17,81,31,32,27,19,12,10,18,22,17,17,0,0,16,36,-30,-6,-35,-8,-79,-97,-85,-30,-38,-25,-43,-24,-20,0,0,0,0,0,0,0,0,0,0,0,-29,0,0,0,0,0,-2,-9,-3,34,35,58,60,188,179,183,183,397,405,307,186,29975,29973,29984,29981,29995,29991]} 1. c4 e6 2. Nc3 d5 3. d4 Nf6 4. cxd5 exd5 5. Bg5 c6 6. e3 Be7 7. Bd3 Nbd7 8. Qc2 h6 {8...Nh5 is the modern continuation.} 9. Bh4 Nh5 10. Bxe7 {D36: Queen's Gambit Declined: Exchange Variation: Main line (5 Bg5 c6 6 Qc2).} Qxe7 11. Nf3 Nf4 12. Bf1 {The position is equal.} O-O 13. O-O-O Ne6 14. Bd3 {[#]} b5 $146 {[%cal Bb7b5,Bb5b4][%mdl 32]} ({Predecessor:} 14... Nf6 15. Rhg1 Re8 16. g4 c5 17. g5 hxg5 18. Nxg5 cxd4 19. exd4 Nf4 20. Qd2 Nxd3+ 21. Qxd3 Bg4 22. Rxg4 {1-0 (22) Ploehn,H (2165)-Schneider,R (1873) Bayern 1997}) 15. Kb1 Nb6 16. e4 ({Better is} 16. h4 $14) 16... b4 $11 17. Ne2 {[%cal Bc3e2,Be2g3,Bg3f5][%mdl 32]} a5 18. e5 (18. Qxc6 Bb7 $1 19. Qxb6 dxe4 $15) (18. Ng3 $11) 18... Bd7 19. Ng3 Rfb8 (19... b3 $17 20. Qxb3 (20. axb3 a4 $17) 20... g6) 20. Nf5 Qf8 {[%cal Ob4b3] Threatens to win with ...b3!} 21. Qc1 $1 c5 22. dxc5 Rc8 23. Nd6 {[%cal Oc5b6]} ({Of course not} 23. cxb6 Rxc1+ 24. Rxc1 Nc5 $17) 23... Rxc5 24. Qe3 Nc4 25. Nxc4 dxc4 26. Bxc4 Rxc4 27. Rxd7 Rac8 28. Rhd1 a4 {[%cal Ba5a4,Ba4a3][%mdl 32]} 29. Nd4 {[%cal Bf3d4,Bd4b5,Bb5d6][%mdl 32]} Nc5 30. Rd5 a3 {Strongly threatening ...axb2.} 31. Nb5 {aiming for Nd6.} ({Don't go for} 31. bxa3 $2 Na4 32. Nb5 (32. Ka1 $2 Nc3 $19) 32... Nc3+ 33. Nxc3 bxc3 $19) 31... axb2 {Hoping for ...Na4.} 32. Nd6 $1 Na4 33. Nxc4 {Chess con chili. Active counter play!} Nc3+ 34. Kxb2 Nxd1+ {A mistake that costs the game.} (34... Rxc4 $14 35. R1d4 Nxd5 36. Rxd5 Qe7) 35. Rxd1 $18 Rxc4 $14 {[%mdl 4096] Endgame [#] KQR-KQR} 36. e6 $1 $36 {[%cal Be5e6,Be6f7][%mdl 2080] And now e7 would win. White has strong initiative.} Qa8 $2 (36... Qe7 {was worth a try.}) 37. exf7+ $18 Kf8 38. Rd7 {[%csl Gd7][%cal Re3e7]} Rc2+ $2 (38... Qe4 $18) 39. Kxc2 {[%cal Re3c5] White mates.} Qxa2+ 40. Kc1 {[%csl Gd7][%cal Re3e7]} Qc4+ 41. Kb2 {Weighted Error Value: White=0.14 (very precise) /Black=0.41} 1-0